logo

Bir Sreshtho Munshi Abdur Rouf Library
Jhenaidah Cadet College

কিশোরসমগ্র / (Record no. 10897)

MARC details
000 -LEADER
fixed length control field 00651nam a2200229 a 4500
001 - CONTROL NUMBER
JCCL Control Number 10897
003 - CONTROL NUMBER IDENTIFIER
JCCL marc code BD-JhCC
005 - DATE AND TIME OF LATEST TRANSACTION
control field 20191208134008.0
008 - FIXED-LENGTH DATA ELEMENTS--GENERAL INFORMATION
fixed length control field 190527b2018 bg |||| ||a| 000 0 ben d
020 ## - INTERNATIONAL STANDARD BOOK NUMBER
International Standard Book Number 9789845260435
035 ## - SYSTEM CONTROL NUMBER
system control number (BD-JhCC)10897
040 ## - CATALOGING SOURCE
Original cataloging agency BD-JhCC
Modifying agency BD-JhCC
041 ## - LANGUAGE CODE
Language code of Book ben
082 ## - DEWEY DECIMAL CLASSIFICATION NUMBER
Classification number 891.443
Author mark and Year CHO 2018
100 ## - MAIN ENTRY--PERSONAL NAME
Personal name চৌধুরী, আসাদ
245 ## - TITLE STATEMENT
Title কিশোরসমগ্র /
Statement of responsibility, etc আসাদ চৌধুরী
260 ## - PUBLICATION, DISTRIBUTION, ETC. (IMPRINT)
Place of publication, distribution, etc ঢাকা,
Name of publisher, distributor, etc অনিন্দ্য প্রকাশ ;
Date of publication, distribution, etc 2018.
300 ## - PHYSICAL DESCRIPTION
Pagination v. 2-3 :
Dimensions 22 cm.
650 ## - SUBJECT ADDED ENTRY--TOPICAL TERM
Topical term or geographic name as entry element Bengali Novel
942 ## - ADDED ENTRY ELEMENTS (KOHA)
Source of classification or shelving scheme Dewey Decimal Classification
Koha item type Books
Koha issues (borrowed), all copies 2
Holdings
Source of classification or shelving scheme volume number Damaged status Not for loan Home library Current library Shelving location Date of accession Cost, normal purchase price Total Checkouts Full call number Barcode Date last seen Copy number Koha item type Date checked out
Dewey Decimal Classification V-2     JCC Rouf Library JCC Rouf Library General Stacks 06/19/2019 500.00   891.443 CHW 2018 14876 05/27/2019 C-1 Books  
Dewey Decimal Classification V-3     JCC Rouf Library JCC Rouf Library General Stacks 06/24/2019 500.00 2 891.443 CHO 2018 15015 12/01/2025 C-1 Books 12/01/2025

JCC Library | Contacts | JCC Home

Last Update on 23 September 2017
Copyright @ 2017-2020 JCC Rouf Library
Rouf Library, Jhenidah Cadet College (JCC), Bangladesh